<?xml version="1.0" encoding="UTF-8"?>
<record
    xmlns:xsi="http://www.w3.org/2001/XMLSchema-instance"
    xsi:schemaLocation="http://www.loc.gov/MARC21/slim http://www.loc.gov/standards/marcxml/schema/MARC21slim.xsd"
    xmlns="http://www.loc.gov/MARC21/slim">

  <leader>00732nam a2200181Ia 4500</leader>
  <controlfield tag="008">151018s9999    xx            000 0 und d</controlfield>
  <datafield tag="082" ind1=" " ind2=" ">
    <subfield code="b">RBASDV32837</subfield>
    <subfield code="a">891.434</subfield>
  </datafield>
  <datafield tag="100" ind1=" " ind2=" ">
    <subfield code="a">&#x926;&#x93F;&#x932;&#x940;&#x92A;  &#x938;&#x93E;&#x932;&#x935;&#x940;</subfield>
  </datafield>
  <datafield tag="245" ind1=" " ind2=" ">
    <subfield code="a">&#x90F;&#x915; &#x939;&#x91C;&#x93E;&#x930; &#x916;&#x917;&#x94B;&#x932; &#x935;&#x93F;&#x91C;&#x94D;&#x91E;&#x93E;&#x928; &#x92A;&#x94D;&#x930;&#x936;&#x94D;&#x928;&#x93E;&#x924;&#x94D;&#x924;&#x930;&#x940;</subfield>
  </datafield>
  <datafield tag="250" ind1=" " ind2=" ">
    <subfield code="b">1</subfield>
  </datafield>
  <datafield tag="260" ind1=" " ind2=" ">
    <subfield code="b">&#x938;&#x924;&#x94D;&#x938;&#x93E;&#x939;&#x940;&#x924;&#x94D;&#x92F;</subfield>
    <subfield code="c">1999</subfield>
  </datafield>
  <datafield tag="300" ind1=" " ind2=" ">
    <subfield code="a">207</subfield>
  </datafield>
  <datafield tag="600" ind1=" " ind2=" ">
    <subfield code="a">&#x926;&#x93F;&#x932;&#x940;&#x92A;  &#x938;&#x93E;&#x932;&#x935;&#x940;</subfield>
  </datafield>
  <datafield tag="630" ind1=" " ind2=" ">
    <subfield code="a">&#x90F;&#x915; &#x939;&#x91C;&#x93E;&#x930; &#x916;&#x917;&#x94B;&#x932; &#x935;&#x93F;&#x91C;&#x94D;&#x91E;&#x93E;&#x928; &#x92A;&#x94D;&#x930;&#x936;&#x94D;&#x928;&#x93E;&#x924;&#x94D;&#x924;&#x930;&#x940;</subfield>
  </datafield>
  <datafield tag="700" ind1=" " ind2=" ">
    <subfield code="a">&#x926;&#x93F;&#x932;&#x940;&#x92A;  &#x938;&#x93E;&#x932;&#x935;&#x940;</subfield>
  </datafield>
  <datafield tag="730" ind1=" " ind2=" ">
    <subfield code="a">&#x90F;&#x915; &#x939;&#x91C;&#x93E;&#x930; &#x916;&#x917;&#x94B;&#x932; &#x935;&#x93F;&#x91C;&#x94D;&#x91E;&#x93E;&#x928; &#x92A;&#x94D;&#x930;&#x936;&#x94D;&#x928;&#x93E;&#x924;&#x94D;&#x924;&#x930;&#x940;</subfield>
  </datafield>
  <datafield tag="942" ind1=" " ind2=" ">
    <subfield code="c">BOOK</subfield>
  </datafield>
  <datafield tag="999" ind1=" " ind2=" ">
    <subfield code="c">1032357</subfield>
    <subfield code="d">1032354</subfield>
  </datafield>
  <datafield tag="952" ind1=" " ind2=" ">
    <subfield code="0">0</subfield>
    <subfield code="1">0</subfield>
    <subfield code="4">0</subfield>
    <subfield code="7">0</subfield>
    <subfield code="a">RBASDV</subfield>
    <subfield code="b">RBASDV</subfield>
    <subfield code="d">2009-09-02</subfield>
    <subfield code="g">21.00</subfield>
    <subfield code="l">0</subfield>
    <subfield code="o">RBASDV32837</subfield>
    <subfield code="p">RBASDV32837</subfield>
    <subfield code="r">2015-10-18 00:00:00</subfield>
    <subfield code="v">21.00</subfield>
    <subfield code="w">2015-10-18</subfield>
    <subfield code="y">BOOK</subfield>
  </datafield>
</record>
